00360nam a2200133 i 4500001000300000245008600003260001900089700002500108700002500133040000800158041000800166080001100174008004100185bg 0aObrabotka poverchnosti i nadeżnost' materialov /cpod red. Dz. Burke, F. Vajsa. aMoskwa,c1985.1 aBURKE, John J.eRed.1 aWEISS, Volker.eRed. cBPK apol a669.01 s pl f |000 0 pol